000 00439cam a22001337a 4500
008 180718b1968 xxu||||| |||| 00| 0 eng d
082 _aB706x42 Un3/RS/4
100 _aRoyal Commission on Local Government
245 _aRoyal Commission on Local Government in England: research studies 4
260 _aLondon
_bHer Majesty's Stationery Office
_c1968
300 _a184+p.
500 _aChairman: John Maud
700 _aMaud, John (Chairman )
999 _c488368
_d488368